000 00852nmm a2200277 a 4500
001 ocm0002146465
003 TR-IsHL
005 20201028182950.0
008 190216s2016 tu tur
007 cr cn
020 _a9786059273107
035 _a2146465
_b(N$T)
050 0 4 _aPL248.K59.
_bK38 2016
090 0 4 _aPL248.K59.
_bK38 2016
100 1 _aKızmaz, Murat
245 1 0 _aKatreler
_h[electronic resource] /
_cMurat Kızmaz
250 _aBirinci Basım
260 _aİstanbul :
_bArtikel Yayıncılık,
_c2016
300 _a96 p.
650 4 _aDil ve Edebiyat
650 4 _aLanguage and Literature
650 0 _aTürk romanı
650 0 _aTurkish fiction
650 7 _aLITERARY COLLECTIONS / Middle Eastern
_2bisacsh
856 4 0 _uhttp://search.ebscohost.com/login.aspx?direct=true&scope=site&db=e011xww&AN=2146465
999 _c20316
_d20316